| 000 | nam a22 a 4500 | ||
|---|---|---|---|
| 999 |
_c2022 _d2022 |
||
| 005 | 20170515090513.0 | ||
| 008 | 170515b2007 M ||||| |||| 00| 0 eng d | ||
| 040 | _aAKMAL | ||
| 082 | _a352.4489595 KDRM | ||
| 090 |
_a352.4489595 _bKDRM |
||
| 245 |
_aKASTAM DIRAJA MALAYSIA _bPEKRJA KOLAR EMAS(GOLD COLLAR WORKERS) |
||
| 260 |
_aMALAYSIA _c2007 |
||
| 300 | _c30 cm | ||
| 942 |
_2ddc _cBOOK |
||